प्रेमचंद की हास्य कहानियाँ / (Record no. 43115)

MARC details
000 -LEADER
fixed length control field 01034nam a22002297a 4500
005 - DATE AND TIME OF LATEST TRANSACTION
control field 20100830104546.0
010 ## - LCCN (DPL NO)
LC control number HIN-90210
020 ## - INTERNATIONAL STANDARD BOOK NUMBER
International Standard Book Number 9788189211264
Terms of availability 150.00
035 ## - SYSTEM CONTROL NUMBER
System control number HN-62556
037 ## - SOURCE OF ACQUISITION
Source of stock number/acquisition DBAD / PUB
082 ## - DEWEY DECIMAL CLASSIFICATION NUMBER
Classification number
100 ## - MAIN ENTRY--PERSONAL NAME
Personal name प्रेमचंद
245 ## - TITLE STATEMENT
Title प्रेमचंद की हास्य कहानियाँ /
Statement of responsibility, etc प्रेमचंद
246 ## - VARYING FORM OF TITLE
Title proper/short title Prem Chand ki Hasya Kahaniyan
Remainder of title by Prem Chand
260 ## - PUBLICATION, DISTRIBUTION, ETC. (IMPRINT)
Place of publication, distribution, etc नई दिल्ली
Name of publisher, distributor, etc भारतीय ग्रंथ निकेतन
Date of publication, distribution, etc 2010
270 ## - ADDRESS
Address 2713, कूचा चेलान, दरियागंज
City नई दिल्ली
Postal code 110002
300 ## - PHYSICAL DESCRIPTION
Extent 168पृ.
Dimensions 22सेमी (सजिल्द)
650 ## - SUBJECT ADDED ENTRY--TOPICAL TERM
Topical term or geographic name as entry element लघु कथाएँ, हिन्दी
700 ## - ADDED ENTRY--PERSONAL NAME
9 (RLIN) 17425
942 ## - ADDED ENTRY ELEMENTS (KOHA)
Source of classification or shelving scheme Dewey Decimal Classification
Item type Hindi Books
Classification part
Call number suffix प्रेमचं
Holdings
Withdrawn status Lost status Not for loan Collection code Home library Current library Date acquired Source of acquisition Cost, normal purchase price Full call number Barcode Copy number Cost, replacement price Koha item type
    Not For Loan Fiction D.B.Act.Division D.B.Act.Division 30/08/2010 DBAD / PUB 150.00 क प्रेमचं HN-62556 1 150.00 Hindi Books

© Delhi Public Library
Hit Counter
free hit counter